Space - Statistics

General Stats
  • This quiz has been taken 733 times
  • The average score is 8 of 10
Answer Stats
Hint Answer % Correct
A region in space where no light can escape Black hole
98%
This planet is called "Red-planet" Mars
95%
A well known dwarf planet Pluto
95%
A ball of fire giving earth heat and light Sun
95%
This planet has the "Red spot" where dangerous hurricanes are there Jupiter
94%
A movement by earth causing day and night Rotation
87%
This is planet is also called "Morning star" Venus
87%
This planet also has a spot like the above and strong winds occur Neptune
86%
A another dwarf planet[You can't answer this] Ceres
42%
A movement of earth going around the sun causing seasons Revolution
33%
No matching quizzes found
Score Distribution
Percent of People with Each Score
Percentile by Number Answered
Your Score History
You have not taken this quiz